00585nam a2200205 a 4500001001300000003000900013005001700022008004100039020001000080082001700090100002900107245008000136260004200216300000900258500003500267505001000302650002000312650001800332700002900350nice12345678IN_TiNIC20260116013519.0050524s1992 dela grp 000 0 eng  ac25000a954.022bSID aSiddiqui, Iqtidar Husain aPerso-Arabic Sources of Information on the Life and Conditions in the Sulta aDelhibMunshiram Manoharlal Pubc1992 a199p aincludes index and biblioraphy2 aIndex aDelhi Sultanate aIndia-History1 aSiddiqui, Iqtidar Husain